000
002370000a22000970004500
100
1
_a
Jaramillo Cárdenas, Luciano
245
1
0
_a
Fidelidad
300
_a
Vol. 1, Núm 57 (1999), Páginas 6-7
773
0
_t
Impacto Presbiteriano
942
_c
ANA
999
_c
51107
_d
51107